| 000 | 00774nam a22002417a 4500 | ||
|---|---|---|---|
| 005 | 20170124110037.0 | ||
| 010 | _aA-828642 | ||
| 020 |
_c00.00 _a0030842433 |
||
| 035 | _aA-828642 | ||
| 037 | _bCen Lib/Ret | ||
| 040 |
_aDPL _bEN |
||
| 082 |
_a373.1 _bALE |
||
| 100 |
_aAlexander, William M. _922903 |
||
| 245 |
_aThe changing high school curriculum : _cby William M. Alexander _breadings / |
||
| 250 | _a2nd ed | ||
| 260 |
_aNew York _bHolt, Rinehart and Winsto _c1972 |
||
| 270 | _bNew York | ||
| 300 |
_axii,532p. _c21cm(Hb) |
||
| 500 | _aIncludes bibliographical references and index | ||
| 650 |
_aEducation, Secondary -- Curricula _922904 |
||
| 650 |
_aEducation, Secondary--Curricula--Evaluation _922905 |
||
| 942 |
_2ddc _cEN _h373.1 _mALE |
||
| 999 |
_c128276 _d128276 |
||